Score 0/18 Timer 03:00
6 Plays Today
% Correct
Christian
96%
Page
95.8%
Gene
95.4%
Piper
94.7%
Dolly
94.7%
Chase
94.1%
Eve
94.1%
Aurora
93.8%
Ivy
93.7%
% Correct
Grant
93.6%
Dean
93.3%
Olive
91.7%
Mike
91.1%
Nick
91%
Drew
88.9%
Violet
87.5%
Scarlet
83.4%
Eddy
82.7%

You're not logged in!

Compare scores with friends on all Sporcle quizzes.
OR
Log In

Sporcle TV

Today on Sporcle TV


Watch our educational content, quiz creation guides, and fun videos on Sporcle TV.

Show Comments

Extras

Top Quizzes Today


Score Distribution

Your Account Isn't Verified!

In order to create a playlist on Sporcle, you need to verify the email address you used during registration. Go to your Sporcle Settings to finish the process.

Report this User

Report this user for behavior that violates our Community Guidelines.

Details: